[Event "XXXIV OPEN INTERNACIONAL VILLA DE BENASQUE (90971)"]
[Site "Benasque (Spain)"]
[Date "2014.07.07"]
[Round "4"]
[Board "5"]
[White "SANDIPAN, Chanda"]
[Black "TRAVESSET RIBERA, Daniel"]
[Result "1-0"]
[WhiteElo "2597"]
[BlackElo "2149"]
[PlyCount "71"]
[EventDate "2014.07.04"]
[EventRounds "9"]
[EventCountry "ESP"]

1. d4 Nf6 2. Nf3 e6 3. Bf4 c5 4. e3 Nc6 5. c3 d5 6. Nbd2 Bd6 7. Bg3 O-O 8. Bd3
b6 9. Qe2 Bb7 10. Rd1 Re8 11. dxc5 Bxc5 12. e4 a5 13. Bh4 Be7 14. e5 Nd7 15.
Bxe7 Qxe7 16. O-O f6 17. exf6 gxf6 18. Nd4 Nxd4 19. cxd4 Nf8 20. f4 Rac8 21.
Rf3 Rc7 22. Rg3+ Kh8 23. Re1 Qf7 24. Re3 Rec8 25. f5 Rc1 26. Nf3 Rxe1+ 27. Qxe1
Rc6 28. Bb5 Rd6 29. Qg3 Qe7 30. Ne5 Rd8 31. Ng4 Bc8 32. Qh4 Qf7 33. Nh6 Qe7 34.
Qh5 Bd7 35. Rg3 Ng6 36. fxg6 1-0

[Event "XXXIV OPEN INTERNACIONAL VILLA DE BENASQUE (90971)"]
[Site "Benasque (Spain)"]
[Date "2014.07.07"]
[Round "4"]
[Board "6"]
[White "ROCHE SIMON, Manuel Angel"]
[Black "BURMAKIN, Vladimir"]
[Result "0-1"]
[WhiteElo "2148"]
[BlackElo "2590"]
[PlyCount "100"]
[EventDate "2014.07.04"]
[EventRounds "9"]
[EventCountry "ESP"]

1. e4 c6 2. d4 d5 3. Nc3 dxe4 4. Nxe4 Nd7 5. Nf3 Ngf6 6. Nxf6+ Nxf6 7. Ne5 Be6
8. Be2 g6 9. O-O Bg7 10. Bf3 O-O 11. c4 Ne8 12. Be2 Nd6 13. b3 Nf5 14. Bb2 Qc7
15. g4 Nd6 16. Bf3 Rad8 17. Qe2 Bc8 18. Rad1 f5 19. h3 Nf7 20. Bg2 Nxe5 21.
dxe5 Rxd1 22. Rxd1 fxg4 23. hxg4 Be6 24. Bc3 Bh6 25. Bd2 Bxd2 26. Rxd2 Rd8 27.
Rxd8+ Qxd8 28. Kh2 Qd4 29. Kg3 g5 30. Qe4 Qd2 31. a4 Qc3+ 32. Qe3 Qxe3+ 33.
fxe3 a5 34. Be4 Bf7 35. Bf5 Be8 36. Kf3 Kg7 37. c5 Bf7 38. Bc2 Bd5+ 39. e4 Be6
40. Bd1 Bf7 41. Ke3 h5 42. gxh5 Kh6 43. Bg4 Bxb3 44. Kd4 Bxa4 45. Kc3 Kg7 46.
Bc8 Bd1 47. Bxb7 g4 48. Kd2 g3 49. Ke3 a4 50. Bxc6 Bb3 0-1

[Event "XXXIV OPEN INTERNACIONAL VILLA DE BENASQUE (90971)"]
[Site "Benasque (Spain)"]
[Date "2014.07.07"]
[Round "4"]
[Board "7"]
[White "DURARBAYLI, Vasif"]
[Black "HERNANDEZ MUNOZ, Antonio Ramon"]
[Result "1-0"]
[WhiteElo "2590"]
[BlackElo "2146"]
[PlyCount "47"]
[EventDate "2014.07.04"]
[EventRounds "9"]
[EventCountry "ESP"]

1. e4 c5 2. Nf3 d6 3. d4 cxd4 4. Nxd4 Nf6 5. Nc3 a6 6. a4 e5 7. Nf3 Be7 8. Bc4
Be6 9. Qe2 Qc8 10. Bb3 O-O 11. Bg5 Nc6 12. O-O Na5 13. Bxf6 Bxf6 14. Nd5 Nxb3
15. Nxf6+ gxf6 16. cxb3 Bxb3 17. Nh4 Be6 18. Qd2 Qc6 19. Qh6 Bg4 20. Ra3 Qxe4
21. Rg3 f5 22. Qg5+ Kh8 23. Qf6+ Kg8 24. Nxf5 1-0

[Event "XXXIV OPEN INTERNACIONAL VILLA DE BENASQUE (90971)"]
[Site "Benasque (Spain)"]
[Date "2014.07.07"]
[Round "4"]
[Board "8"]
[White "NARODITSKY, Daniel"]
[Black "JORDAN MARTINEZ, David"]
[Result "1-0"]
[WhiteElo "2577"]
[BlackElo "2104"]
[PlyCount "81"]
[EventDate "2014.07.04"]
[EventRounds "9"]
[EventCountry "ESP"]

1. e4 d5 2. exd5 Qxd5 3. Nc3 Qa5 4. d4 Nf6 5. Nf3 Bf5 6. Bc4 e6 7. Bd2 Bb4 8.
a3 Bxc3 9. Bxc3 Qb6 10. d5 Nbd7 11. Nd4 O-O-O 12. Nxf5 exf5 13. O-O Rhe8 14.
Qd3 Re4 15. Ba2 Qd6 16. f3 Nc5 17. Qd2 Re7 18. Qg5 Red7 19. Rad1 Na4 20. Bd4
Nxd5 21. Bxa7 Qa6 22. Bd4 g6 23. Rde1 c5 24. Bf2 Nxb2 25. Bxc5 Nc4 26. Bb3 f4
27. Kh1 Nd2 28. Rg1 Nxb3 29. cxb3 Kb8 30. Qe5+ Ka8 31. Re4 b5 32. a4 Kb7 33.
Ree1 Qf6 34. Qxf6 Nxf6 35. Be7 Nd5 36. Bxd8 Rxd8 37. Rd1 Kc6 38. axb5+ Kxb5 39.
Rd4 Kc6 40. Rc1+ Kd6 41. Rxd5+ 1-0

[Event "XXXIV OPEN INTERNACIONAL VILLA DE BENASQUE (90971)"]
[Site "Benasque (Spain)"]
[Date "2014.07.08"]
[Round "5"]
[Board "1"]
[White "NARODITSKY, Daniel"]
[Black "BACHMANN, Axel"]
[Result "0-1"]
[WhiteElo "2577"]
[BlackElo "2652"]
[PlyCount "117"]
[EventDate "2014.07.04"]
[EventRounds "9"]
[EventCountry "ESP"]

1. e4 e5 2. Nf3 Nc6 3. Bb5 a6 4. Ba4 Nf6 5. O-O b5 6. Bb3 Be7 7. Re1 d6 8. c3
O-O 9. h3 Na5 10. Bc2 c5 11. d4 Nd7 12. d5 Nb6 13. Nbd2 Bd7 14. Nf1 c4 15. Ng3
Nb7 16. Be3 g6 17. Bh6 Re8 18. Qd2 Nc5 19. Nh2 Bh4 20. Qe3 a5 21. Nf3 Bf6 22.
Nh2 b4 23. Ng4 Bh4 24. b3 Rc8 25. cxb4 axb4 26. Qf3 Qe7 27. Bd2 c3 28. Be3 Ra8
29. a4 bxa3 30. Bxc5 dxc5 31. Qxc3 Bxg4 32. hxg4 Bxg3 33. Qxg3 a2 34. Red1 Qd6
35. Qc3 Ra3 36. Bd3 Rea8 37. Rdc1 Nd7 38. Bb5 Nf6 39. f3 h5 40. g5 Nh7 41. Bc6
R8a6 42. Qb2 Qb8 43. Qd2 Rxb3 44. Rxa2 Rxa2 45. Qxa2 c4 46. Qa8 Qxa8 47. Bxa8
c3 48. d6 Kf8 49. Bd5 Ra3 50. Rb1 c2 51. Rb8+ Kg7 52. Rc8 Ra6 53. Rxc2 Rxd6 54.
Rc5 Nxg5 55. Bb3 Rb6 56. Bc4 Rb1+ 57. Kf2 Rb2+ 58. Be2 Ne6 59. Rb5 0-1

[Event "XXXIV OPEN INTERNACIONAL VILLA DE BENASQUE (90971)"]
[Site "Benasque (Spain)"]
[Date "2014.07.08"]
[Round "5"]
[Board "2"]
[White "STOCEK, Jiri"]
[Black "CORI, Jorge"]
[Result "1/2-1/2"]
[WhiteElo "2545"]
[BlackElo "2608"]
[PlyCount "85"]
[EventDate "2014.07.04"]
[EventRounds "9"]
[EventCountry "ESP"]

1. d4 d5 2. c4 c6 3. Nf3 Nf6 4. Nc3 a6 5. Qc2 b5 6. cxd5 cxd5 7. Bg5 Bb7 8.
Bxf6 gxf6 9. e3 e6 10. Bd3 Nc6 11. a3 f5 12. O-O Rc8 13. Rfc1 Bd6 14. Qd1 O-O
15. a4 b4 16. Ne2 Na5 17. Nf4 Qe7 18. Qe2 Nb3 19. Rxc8 Rxc8 20. Re1 Nc1 21. Qd2
Qc7 22. Bb1 Nb3 23. Qd1 Na5 24. g3 Bf8 25. Ne5 Nc4 26. Ned3 Qd8 27. Qe2 a5 28.
Rd1 Bg7 29. b3 Nd6 30. Nc5 Qe7 31. Bd3 Bc6 32. Rc1 Ba8 33. Rc2 e5 34. dxe5 Bxe5
35. Qh5 d4 36. Bxf5 Nxf5 37. Qxf5 Rxc5 38. Rxc5 Qxc5 39. Qg5+ Kf8 40. Qd8+ Kg7
41. Qg5+ Kf8 42. Qd8+ Kg7 43. Qg5+ 1/2-1/2

[Event "XXXIV OPEN INTERNACIONAL VILLA DE BENASQUE (90971)"]
[Site "Benasque (Spain)"]
[Date "2014.07.08"]
[Round "5"]
[Board "3"]
[White "SANDIPAN, Chanda"]
[Black "GOPAL, G.N."]
[Result "1/2-1/2"]
[WhiteElo "2597"]
[BlackElo "2544"]
[PlyCount "139"]
[EventDate "2014.07.04"]
[EventRounds "9"]
[EventCountry "ESP"]

1. d4 Nf6 2. Bg5 d5 3. e3 c6 4. Nc3 g6 5. Bd3 Bg7 6. h3 O-O 7. Nf3 Nbd7 8. O-O
Re8 9. Bf4 b6 10. Bh2 Bb7 11. a4 a5 12. Qe2 Qc8 13. Rad1 Ba6 14. e4 dxe4 15.
Nxe4 Nxe4 16. Qxe4 Bxd3 17. Qxd3 e5 18. Nxe5 Nxe5 19. dxe5 Bxe5 20. Bxe5 Rxe5
21. Rfe1 Qe6 22. Rxe5 Qxe5 23. Qf3 Qe6 24. Qf4 Re8 25. Rd6 Qa2 26. Rxc6 Qxb2
27. Rc7 Re1+ 28. Kh2 Qe5 29. Rxf7 Qxf4+ 30. Rxf4 Re2 31. c3 Rc2 32. Rf3 Ra2 33.
Rf6 Rxa4 34. Rxb6 Ra2 35. Ra6 Kg7 36. Ra7+ Kf6 37. c4 h5 38. c5 a4 39. Ra6+ Kg7
40. f4 Rc2 41. c6 a3 42. Rxa3 Rxc6 43. g4 hxg4 44. hxg4 Rc7 45. Kg3 Rc4 46.
Ra7+ Kg8 47. Kf3 Rb4 48. Rd7 Kf8 49. Rd5 Kf7 50. Ke3 Ra4 51. Rd4 Ra1 52. Rb4
Re1+ 53. Kd4 Rd1+ 54. Ke5 Re1+ 55. Kd5 Rd1+ 56. Rd4 Rg1 57. g5 Ra1 58. Kc6 Ra6+
59. Kb7 Ra5 60. Rd7+ Kf8 61. Rd6 Rf5 62. Rd4 Kf7 63. Kc6 Kg7 64. Kd7 Rf7+ 65.
Ke6 Rf5 66. Re4 Kg8 67. Rd4 Kg7 68. Re4 Kg8 69. Rd4 Kg7 70. Re4 1/2-1/2

[Event "XXXIV OPEN INTERNACIONAL VILLA DE BENASQUE (90971)"]
[Site "Benasque (Spain)"]
[Date "2014.07.08"]
[Round "5"]
[Board "4"]
[White "BURMAKIN, Vladimir"]
[Black "FORCEN ESTEBAN, Daniel"]
[Result "1/2-1/2"]
[WhiteElo "2590"]
[BlackElo "2535"]
[PlyCount "83"]
[EventDate "2014.07.04"]
[EventRounds "9"]
[EventCountry "ESP"]

1. d4 Nf6 2. Nf3 e6 3. g3 c5 4. Bg2 Nc6 5. O-O cxd4 6. Nxd4 Qb6 7. Nb3 d5 8.
Be3 Qd8 9. c4 dxc4 10. Qxd8+ Kxd8 11. Rd1+ Nd5 12. Bxd5 exd5 13. Rxd5+ Ke8 14.
Nd4 Nxd4 15. Rxd4 Be6 16. Re4 Bb4 17. a3 Ba5 18. Bd4 Rg8 19. Bc3 Bb6 20. Nd2
Rc8 21. Nf3 h6 22. Bd4 Ba5 23. Bc3 Bb6 24. Rc1 Ke7 25. Bb4+ Kf6 26. Nh4 g6 27.
Bc3+ Ke7 28. Rf4 Rge8 29. Rd1 Bc5 30. Bg7 Rg8 31. Bf6+ Ke8 32. Re4 Be7 33. Bc3
Rd8 34. Rxd8+ Kxd8 35. Nf3 Re8 36. Ne5 Bc5 37. Nxc4 f5 38. Bf6+ Kd7 39. Rh4 Bd5
40. Ne3 Bxe3 41. fxe3 Rxe3 42. Kf2 1/2-1/2

[Event "XXXIV OPEN INTERNACIONAL VILLA DE BENASQUE (90971)"]
[Site "Benasque (Spain)"]
[Date "2014.07.08"]
[Round "5"]
[Board "5"]
[White "MOZHAROV, Mikhail"]
[Black "DURARBAYLI, Vasif"]
[Result "1/2-1/2"]
[WhiteElo "2540"]
[BlackElo "2590"]
[PlyCount "64"]
[EventDate "2014.07.04"]
[EventRounds "9"]
[EventCountry "ESP"]

1. e4 e5 2. Nf3 Nc6 3. d4 exd4 4. Nxd4 Bc5 5. Nb3 Bb6 6. Nc3 Nf6 7. Qf3 Ne5 8.
Qe2 Neg4 9. Nd1 O-O 10. h3 Ne5 11. Nc3 Re8 12. Bg5 h6 13. Bxf6 Qxf6 14. Nd5 Qg5
15. h4 Qg6 16. O-O-O d6 17. h5 Qg4 18. f3 Qg3 19. Qd2 Be6 20. Nd4 Bxd5 21. exd5
Nd7 22. Bb5 Bxd4 23. Qxd4 Re7 24. Bxd7 Rxd7 25. Rde1 c6 26. dxc6 bxc6 27. Re2
Rad8 28. Rh4 Qg5+ 29. Qf4 Qb5 30. Qc4 Qg5+ 31. Qf4 Qb5 32. Qc4 Qg5+ 1/2-1/2

[Event "XXXIV OPEN INTERNACIONAL VILLA DE BENASQUE (90971)"]
[Site "Benasque (Spain)"]
[Date "2014.07.08"]
[Round "5"]
[Board "6"]
[White "MELKUMYAN, Hrant"]
[Black "ZOLER, Dan"]
[Result "1-0"]
[WhiteElo "2647"]
[BlackElo "2513"]
[PlyCount "115"]
[EventDate "2014.07.04"]
[EventRounds "9"]
[EventCountry "ESP"]

1. c4 Nf6 2. Nc3 e5 3. Nf3 Nc6 4. g3 g6 5. Bg2 Bg7 6. O-O O-O 7. d4 exd4 8.
Nxd4 Nxd4 9. Qxd4 d6 10. Qh4 Ng4 11. Qxd8 Rxd8 12. Bd2 c6 13. Rac1 Be6 14. b3
f5 15. Rfd1 h6 16. h3 Ne5 17. Be3 g5 18. Rc2 Rd7 19. Bd4 f4 20. Ne4 Bf5 21.
Rcd2 Re8 22. c5 Bxe4 23. Bxe4 d5 24. Bf5 Rf7 25. g4 Rfe7 26. Kg2 Nd7 27. e3
fxe3 28. Bxe3 Nf8 29. h4 Bf6 30. Rh1 Ne6 31. hxg5 Bxg5 32. Bxg5 hxg5 33. Bxe6+
Rxe6 34. Rh5 Rg6 35. Kg3 Re1 36. f3 Re3 37. Rdh2 Kf7 38. Rh7+ Rg7 39. Rh8 Kf6
40. Rf8+ Ke5 41. Rd2 Ke6 42. Re8+ Re7 43. Rg8 Rf7 44. Rf2 Re5 45. Rh2 d4 46.
Rd2 Rd7 47. Rf8 Kd5 48. f4 Re3+ 49. Kf2 Rh3 50. Rf5+ Ke4 51. fxg5 d3 52. g6 Kd4
53. Kg2 Re3 54. Rf7 Rd5 55. Rf5 Kc3 56. g7 Re8 57. Rf8 Rxf8 58. Rxd3+ 1-0

[Event "XXXIV OPEN INTERNACIONAL VILLA DE BENASQUE (90971)"]
[Site "Benasque (Spain)"]
[Date "2014.07.08"]
[Round "5"]
[Board "7"]
[White "POPOV, Ivan"]
[Black "NAUMKIN, Igor"]
[Result "1-0"]
[WhiteElo "2618"]
[BlackElo "2445"]
[PlyCount "95"]
[EventDate "2014.07.04"]
[EventRounds "9"]
[EventCountry "ESP"]

1. e4 e5 2. Nf3 Nc6 3. d4 exd4 4. Nxd4 Bc5 5. Nb3 Bb6 6. Nc3 d6 7. Qe2 Nf6 8.
Be3 O-O 9. O-O-O Re8 10. f3 Be6 11. Kb1 Nd7 12. h4 a5 13. Nd4 Nxd4 14. Bxd4 a4
15. a3 Bxd4 16. Rxd4 Nc5 17. Qd2 Bd7 18. Bc4 Rb8 19. g4 b5 20. Ba2 Be6 21. Nd5
Bxd5 22. Rxd5 Qe7 23. g5 Ne6 24. h5 c5 25. g6 c4 26. Rxd6 fxg6 27. hxg6 h6 28.
f4 Qb7 29. Qd5 Qxd5 30. Rxd5 Nxf4 31. Rxb5 Rxb5 32. Bxc4+ Kf8 33. Bxb5 Rxe4 34.
b4 axb3 35. cxb3 Nxg6 36. a4 Nf4 37. Kb2 Ke7 38. Rd1 g5 39. a5 Re5 40. Rd7+ Ke6
41. Rb7 Nd5 42. a6 Nc7 43. Rxc7 Rxb5 44. a7 Ra5 45. b4 Ra4 46. Kb3 Ra1 47. b5
g4 48. Rc6+ 1-0

[Event "XXXIV OPEN INTERNACIONAL VILLA DE BENASQUE (90971)"]
[Site "Benasque (Spain)"]
[Date "2014.07.08"]
[Round "5"]
[Board "8"]
[White "ILLESCAS CORDOBA, Miguel"]
[Black "GONZALEZ ACOSTA, Bernal"]
[Result "1-0"]
[WhiteElo "2607"]
[BlackElo "2458"]
[PlyCount "99"]
[EventDate "2014.07.04"]
[EventRounds "9"]
[EventCountry "ESP"]

1. d4 d5 2. c4 c6 3. Nf3 Nf6 4. e3 g6 5. Bd3 Bg7 6. O-O O-O 7. Nc3 Bg4 8. h3
Bxf3 9. Qxf3 e6 10. Rd1 Nbd7 11. a4 a5 12. b3 Re8 13. Ba3 Bf8 14. Bb2 Qb6 15.
Rab1 Bg7 16. Ba3 Bf8 17. Bc1 Bg7 18. Bd2 e5 19. cxd5 exd4 20. exd4 Qxd4 21. Bc4
Ne5 22. Qe3 Qh4 23. Qg5 Qd4 24. Qe3 Qh4 25. Qf4 Qxf4 26. Bxf4 Nfd7 27. Be2 Nc5
28. Be3 Na6 29. Bxa6 Rxa6 30. Ne4 Raa8 31. Nc5 b6 32. Nb7 c5 33. Nd6 Re7 34.
Bg5 f6 35. Bf4 Nd7 36. Re1 Bf8 37. Nc4 Ra7 38. Re6 g5 39. Bh2 Rb7 40. Rbe1 Rf7
41. Re8 Kg7 42. g4 Kg6 43. R1e6 h5 44. Rc8 hxg4 45. hxg4 Ra7 46. Rc7 Rxc7 47.
Bxc7 Rh7 48. Bxb6 Nxb6 49. Rxb6 Re7 50. Re6 1-0

[Event "XXXIV OPEN INTERNACIONAL VILLA DE BENASQUE (90971)"]
[Site "Benasque (Spain)"]
[Date "2014.07.09"]
[Round "6"]
[Board "1"]
[White "BACHMANN, Axel"]
[Black "POPOV, Ivan"]
[Result "1/2-1/2"]
[WhiteElo "2652"]
[BlackElo "2618"]
[PlyCount "66"]
[EventDate "2014.07.04"]
[EventRounds "9"]
[EventCountry "ESP"]

1. Nf3 c5 2. g3 Nc6 3. Bg2 g6 4. O-O Bg7 5. c4 e6 6. Nc3 Nge7 7. a3 O-O 8. d3
d5 9. Bd2 b6 10. Rb1 Bb7 11. b4 dxc4 12. dxc4 cxb4 13. axb4 a5 14. bxa5 Nxa5
15. Bg5 Bxc3 16. Qxd8 Rfxd8 17. Bxe7 Rd7 18. Bb4 Bxb4 19. Rxb4 Bxf3 20. Bxf3
Rc8 21. Rxb6 Nxc4 22. Rb7 Rxb7 23. Bxb7 Rb8 24. Rc1 Rxb7 25. Rxc4 h5 26. h4 Kg7
27. Kg2 Rb5 28. Ra4 Rc5 29. e3 Kf6 30. Rf4+ Kg7 31. Ra4 Kf6 32. Rf4+ Kg7 33.
Ra4 Kf6 1/2-1/2

[Event "XXXIV OPEN INTERNACIONAL VILLA DE BENASQUE (90971)"]
[Site "Benasque (Spain)"]
[Date "2014.07.09"]
[Round "6"]
[Board "2"]
[White "STOCEK, Jiri"]
[Black "MELKUMYAN, Hrant"]
[Result "1/2-1/2"]
[WhiteElo "2545"]
[BlackElo "2647"]
[PlyCount "75"]
[EventDate "2014.07.04"]
[EventRounds "9"]
[EventCountry "ESP"]

1. d4 Nf6 2. c4 e6 3. Nc3 Bb4 4. Nf3 O-O 5. Qb3 c5 6. dxc5 Na6 7. Bd2 Bxc5 8.
e3 b6 9. Rd1 Bb7 10. Bc1 Be7 11. Rd4 Nc5 12. Qc2 d5 13. cxd5 exd5 14. Be2 Rc8
15. O-O Nce4 16. Qb3 Nxc3 17. bxc3 Ne4 18. Ba3 Rxc3 19. Bxe7 Qxe7 20. Qb1 Rfc8
21. Bd3 g6 22. h4 Nc5 23. Bb5 Ne6 24. Rg4 Qf6 25. Ra4 d4 26. Nxd4 Nc5 27. Rxa7
Qxh4 28. Be2 Bxg2 29. Kxg2 Ne4 30. Qxb6 R3c5 31. Ne6 fxe6 32. Qxe6+ Kh8 33. Bg4
Nf6 34. Rh1 Qxg4+ 35. Qxg4 Nxg4 36. Rhxh7+ Kg8 37. Rag7+ Kf8 38. Rf7+ 1/2-1/2

[Event "XXXIV OPEN INTERNACIONAL VILLA DE BENASQUE (90971)"]
[Site "Benasque (Spain)"]
[Date "2014.07.09"]
[Round "6"]
[Board "3"]
[White "CORI, Jorge"]
[Black "MOZHAROV, Mikhail"]
[Result "1/2-1/2"]
[WhiteElo "2608"]
[BlackElo "2540"]
[PlyCount "124"]
[EventDate "2014.07.04"]
[EventRounds "9"]
[EventCountry "ESP"]

1. d4 d5 2. Nf3 Nf6 3. c4 c6 4. e3 Bg4 5. Nc3 e6 6. h3 Bh5 7. Qb3 Qb6 8. Bd2
Nbd7 9. Bd3 Bg6 10. Bxg6 hxg6 11. O-O Qxb3 12. axb3 a6 13. Rfe1 Nb6 14. Ne5
Nfd7 15. Nxd7 Kxd7 16. c5 Nc8 17. f3 Be7 18. e4 Bf6 19. e5 Bh4 20. Rf1 Na7 21.
Kh2 Nb5 22. Nxb5 axb5 23. g3 Be7 24. f4 f5 25. Kg2 Rhb8 26. Kf3 Ke8 27. h4 Kf7
28. Rh1 Rh8 29. Rhg1 Rhc8 30. b4 Rh8 31. Ra5 Rxa5 32. bxa5 Ra8 33. b4 Rh8 34.
Ra1 Ra8 35. Be1 Ke8 36. Bf2 Kd7 37. g4 Rh8 38. a6 bxa6 39. Rxa6 Bd8 40. Ra1 Rh6
41. Ra8 Rh8 42. Ra7+ Bc7 43. Ra1 Ke7 44. Kg3 Kd7 45. h5 fxg4 46. hxg6 Rh6 47.
Kxg4 Rxg6+ 48. Kf3 Rh6 49. Rg1 g6 50. Kg4 Bd8 51. Ra1 Rh2 52. Kg3 Rh5 53. Be3
Rh8 54. Rg1 Ke8 55. Kg2 Rh5 56. Ra1 g5 57. Ra7 gxf4 58. Bxf4 Rf5 59. Kg3 Rf7
60. Ra6 Kd7 61. Ra7+ Ke8 62. Ra6 Kd7 1/2-1/2

[Event "XXXIV OPEN INTERNACIONAL VILLA DE BENASQUE (90971)"]
[Site "Benasque (Spain)"]
[Date "2014.07.09"]
[Round "6"]
[Board "4"]
[White "GOPAL, G.N."]
[Black "ILLESCAS CORDOBA, Miguel"]
[Result "1/2-1/2"]
[WhiteElo "2544"]
[BlackElo "2607"]
[PlyCount "158"]
[EventDate "2014.07.04"]
[EventRounds "9"]
[EventCountry "ESP"]

1. e4 c5 2. Nf3 e6 3. d4 cxd4 4. Nxd4 a6 5. Bd3 Bc5 6. Nb3 Be7 7. O-O d6 8. Qg4
g6 9. Qe2 Nd7 10. a4 Ne5 11. a5 Nf6 12. Be3 O-O 13. N1d2 Bd7 14. f4 Nxd3 15.
cxd3 Bb5 16. Nd4 Qd7 17. f5 e5 18. Nxb5 axb5 19. Bg5 Qd8 20. Qf2 Rxa5 21. Rxa5
Qxa5 22. Qh4 Qd8 23. Kh1 h5 24. Nf3 Re8 25. Qg3 Kh7 26. Bh4 Kg7 27. h3 Nh7 28.
Rc1 Kh6 29. Bxe7 Rxe7 30. Nh4 g5 31. f6 Rc7 32. Nf5+ Kg6 33. Ne7+ Kh6 34. Nf5+
Kg6 35. Ne7+ Kh6 36. Rf1 Qd7 37. Rf5 h4 38. Qg4 Qe6 39. Kh2 Rxe7 40. fxe7 Qxe7
41. Rf2 Nf8 42. Rc2 Ne6 43. Rc8 Qf6 44. b4 Qf4+ 45. Qxf4 Nxf4 46. Rc7 Nxd3 47.
Rxf7 Nxb4 48. Rf6+ Kh5 49. Rxd6 Nc6 50. Rd7 b4 51. Rxb7 g4 52. g3 hxg3+ 53.
Kxg3 gxh3 54. Kxh3 Kg5 55. Kg3 Nd4 56. Rxb4 Ne2+ 57. Kf3 Nd4+ 58. Kg3 Ne2+ 59.
Kf2 Nd4 60. Rb1 Kf4 61. Re1 Ne6 62. Re3 Nd4 63. Re1 Nc2 64. Rd1 Kxe4 65. Rd8
Nd4 66. Re8 Kf4 67. Ke1 e4 68. Kd2 Nf3+ 69. Ke2 Nd4+ 70. Kf2 Nf5 71. Rf8 Ke5
72. Ke2 Kf4 73. Re8 Ng3+ 74. Kd2 Nf5 75. Kc3 Kf3 76. Re6 Kf4 77. Kc4 Kf3 78.
Kc3 Kf4 79. Rxe4+ Kxe4 1/2-1/2

[Event "XXXIV OPEN INTERNACIONAL VILLA DE BENASQUE (90971)"]
[Site "Benasque (Spain)"]
[Date "2014.07.09"]
[Round "6"]
[Board "5"]
[White "FORCEN ESTEBAN, Daniel"]
[Black "SANDIPAN, Chanda"]
[Result "1/2-1/2"]
[WhiteElo "2535"]
[BlackElo "2597"]
[PlyCount "61"]
[EventDate "2014.07.04"]
[EventRounds "9"]
[EventCountry "ESP"]

1. e4 e5 2. Nf3 Nc6 3. Bc4 Bc5 4. c3 Nf6 5. d3 O-O 6. O-O d5 7. exd5 Nxd5 8.
Re1 Bg4 9. Nbd2 Nb6 10. b4 Be7 11. h3 Bh5 12. g4 Bg6 13. b5 Na5 14. Nxe5 Naxc4
15. Ndxc4 Nxc4 16. dxc4 Qxd1 17. Rxd1 Bc2 18. Rd2 Ba4 19. Re2 a6 20. Ng6 hxg6
21. Rxe7 axb5 22. Rxc7 bxc4 23. Rxc4 Bb3 24. Rb4 Bxa2 25. c4 Ra6 26. Rxb7 Bxc4
27. Rxa6 Bxa6 28. Rb6 Rc8 29. Bf4 Bc4 30. Rb8 Rxb8 31. Bxb8 1/2-1/2

[Event "XXXIV OPEN INTERNACIONAL VILLA DE BENASQUE (90971)"]
[Site "Benasque (Spain)"]
[Date "2014.07.09"]
[Round "6"]
[Board "6"]
[White "RAHMAN, Ziaur"]
[Black "BURMAKIN, Vladimir"]
[Result "1/2-1/2"]
[WhiteElo "2515"]
[BlackElo "2590"]
[PlyCount "54"]
[EventDate "2014.07.04"]
[EventRounds "9"]
[EventCountry "ESP"]

1. Nf3 d5 2. g3 c6 3. Bg2 Bf5 4. O-O e6 5. d3 Nf6 6. c4 Nbd7 7. Nc3 h6 8. cxd5
cxd5 9. Bf4 a6 10. Rc1 Bg4 11. Ne5 Nxe5 12. Bxe5 Nd7 13. d4 Nxe5 14. dxe5 Qa5
15. a3 Be7 16. Qd4 Bf5 17. Na4 O-O 18. Nb6 Rad8 19. Rc7 Rfe8 20. Rfc1 f6 21.
Nc8 fxe5 22. Nxe7+ Rxe7 23. Qxe5 Qd2 24. h4 Rdd7 25. Rc8+ Kh7 26. Bf3 Bg6 27.
Kg2 Re8 1/2-1/2

[Event "XXXIV OPEN INTERNACIONAL VILLA DE BENASQUE (90971)"]
[Site "Benasque (Spain)"]
[Date "2014.07.09"]
[Round "6"]
[Board "7"]
[White "DURARBAYLI, Vasif"]
[Black "LALIC, Bogdan"]
[Result "1-0"]
[WhiteElo "2590"]
[BlackElo "2482"]
[PlyCount "61"]
[EventDate "2014.07.04"]
[EventRounds "9"]
[EventCountry "ESP"]

1. e4 e6 2. d4 d5 3. Nd2 Be7 4. Ngf3 Nf6 5. e5 Nfd7 6. Bd3 c5 7. c3 Nc6 8. O-O
a5 9. Re1 cxd4 10. cxd4 g5 11. h3 h5 12. Nf1 g4 13. hxg4 hxg4 14. N3h2 Bb4 15.
Re3 Qh4 16. Rg3 f5 17. exf6 Bd6 18. Qxg4 Bxg3 19. Qg6+ Kd8 20. fxg3 Qxd4+ 21.
Be3 Qxb2 22. Rb1 Qa3 23. f7 d4 24. Bc1 Qf8 25. Qxe6 Qe7 26. Qd5 Nce5 27. Nf3
Nxf7 28. Bf4 Rf8 29. Rc1 Qa3 30. Bc7+ Ke7 31. Re1+ 1-0

[Event "XXXIV OPEN INTERNACIONAL VILLA DE BENASQUE (90971)"]
[Site "Benasque (Spain)"]
[Date "2014.07.09"]
[Round "6"]
[Board "8"]
[White "VISHNU, Prasanna. V"]
[Black "MARIN, Mihail"]
[Result "1-0"]
[WhiteElo "2459"]
[BlackElo "2579"]
[PlyCount "125"]
[EventDate "2014.07.04"]
[EventRounds "9"]
[EventCountry "ESP"]

1. e4 e5 2. Nf3 Nc6 3. d4 exd4 4. Nxd4 d6 5. Nc3 Nf6 6. Bf4 g6 7. Be2 Bg7 8.
Nxc6 bxc6 9. e5 Nd5 10. Nxd5 dxe5 11. Nb4 Qxd1+ 12. Rxd1 exf4 13. Bf3 O-O 14.
O-O Rb8 15. Nxc6 Rxb2 16. Nxa7 Ba6 17. Rfe1 Rxa2 18. Nc6 Bb5 19. Nb4 Rb2 20.
Rb1 Rxb1 21. Rxb1 Bc4 22. Nd5 Be5 23. h3 Kg7 24. Re1 Bxd5 25. Bxd5 Bd6 26. Kf1
Rb8 27. Rd1 h5 28. Ke2 Re8+ 29. Kf1 g5 30. Bf3 Kg6 31. Rd5 f5 32. Be2 g4 33. f3
gxh3 34. gxh3 Kg5 35. Bd3 Be5 36. Rd7 Kh4 37. Rf7 Kg3 38. Rxf5 Kxf3 39. Be2+
Ke4 40. Bxh5 Ra8 41. Rg5 Bf6 42. Rg2 Ra1+ 43. Ke2 Rh1 44. Bf3+ Kd4 45. Rg6 Rxh3
46. Rxf6 Rh2+ 47. Kd1 Ke3 48. Bc6 Rh7 49. Kc1 Rh3 50. Kb2 f3 51. Rf7 f2 52. Bb5
Rh4 53. Kc3 c5 54. Re7+ Kf3 55. Be2+ Kg3 56. Rg7+ Kf4 57. Kd2 Rh1 58. Rf7+ Kg3
59. Ke3 Rc1 60. Rg7+ Kh4 61. Kxf2 Rxc2 62. Rg4+ Kh3 63. Rg5 1-0

[Event "XXXIV OPEN INTERNACIONAL VILLA DE BENASQUE (90971)"]
[Site "Benasque (Spain)"]
[Date "2014.07.10"]
[Round "7"]
[Board "1"]
[White "CRUZ, Cristhian"]
[Black "BACHMANN, Axel"]
[Result "1-0"]
[WhiteElo "2563"]
[BlackElo "2652"]
[PlyCount "99"]
[EventDate "2014.07.04"]
[EventRounds "9"]
[EventCountry "ESP"]

1. d4 Nf6 2. c4 e6 3. Nc3 Bb4 4. e3 O-O 5. Nge2 d5 6. a3 Be7 7. Ng3 c5 8. dxc5
dxc4 9. Bxc4 Qxd1+ 10. Kxd1 Bxc5 11. Ke2 b6 12. b4 Be7 13. Bb2 Bb7 14. Rhd1
Bxg2 15. f3 Nbd7 16. Nce4 Rfc8 17. Bd3 h5 18. h4 Rc7 19. Rd2 a5 20. b5 Bh3 21.
Ng5 Bf5 22. Bxf5 exf5 23. Nxf5 Bf8 24. Rad1 Rac8 25. e4 Nc5 26. Rd8 Rxd8 27.
Rxd8 Ne6 28. Nxe6 fxe6 29. Nd4 Nd7 30. Nxe6 Rc2+ 31. Kd3 Rxb2 32. Rxd7 Bxa3 33.
Rxg7+ Kh8 34. f4 Rb3+ 35. Kc4 Rb4+ 36. Kd5 Rxb5+ 37. Kc6 Rb4 38. Ra7 Bc1 39. e5
a4 40. f5 Rxh4 41. Nf8 Kg8 42. Ng6 Rg4 43. e6 Ba3 44. e7 Bxe7 45. Nxe7+ Kf7 46.
Nd5+ Kf8 47. Kd6 Re4 48. Nf6 Re1 49. Nh7+ Ke8 50. f6 1-0

[Event "XXXIV OPEN INTERNACIONAL VILLA DE BENASQUE (90971)"]
[Site "Benasque (Spain)"]
[Date "2014.07.10"]
[Round "7"]
[Board "2"]
[White "VISHNU, Prasanna. V"]
[Black "DURARBAYLI, Vasif"]
[Result "0-1"]
[WhiteElo "2459"]
[BlackElo "2590"]
[PlyCount "66"]
[EventDate "2014.07.04"]
[EventRounds "9"]
[EventCountry "ESP"]

1. e4 e5 2. Nf3 Nc6 3. Bb5 a6 4. Ba4 Nf6 5. O-O Be7 6. Re1 b5 7. Bb3 d6 8. c3
O-O 9. h3 Na5 10. Bc2 c5 11. d4 Qc7 12. d5 Nc4 13. a4 Nb6 14. b3 Ne8 15. a5 Nd7
16. c4 b4 17. Nbd2 g6 18. Nf1 Ng7 19. Bh6 Nf6 20. g4 Kh8 21. Ng3 Ng8 22. Bc1 f5
23. exf5 gxf5 24. gxf5 Nxf5 25. Bb2 Nxg3 26. fxg3 Bf6 27. Kg2 Qg7 28. Nd2 Qh6
29. h4 Ne7 30. Rf1 Rg8 31. Rxf6 Qxf6 32. Ne4 Qxh4 33. Qh1 Qg4 0-1